MARC details
| 000 -LEADER |
| fixed length control field |
01695 a2200445 4500 |
| 001 - CONTROL NUMBER |
| control field |
69244 |
| 003 - CONTROL NUMBER IDENTIFIER |
| control field |
TR-AnTOB |
| 005 - DATE AND TIME OF LATEST TRANSACTION |
| control field |
20260317095909.0 |
| 008 - FIXED-LENGTH DATA ELEMENTS--GENERAL INFORMATION |
| fixed length control field |
021003s2002 tu ah b 001 0 tur d |
| 020 ## - INTERNATIONAL STANDARD BOOK NUMBER |
| International Standard Book Number |
975192944X |
| 035 ## - SYSTEM CONTROL NUMBER |
| System control number |
(OCoLC)ocm50726097 |
| 040 ## - CATALOGING SOURCE |
| Original cataloging agency |
B9K |
| Transcribing agency |
B9K |
| Modifying agency |
OCLCQ |
| -- |
OSU |
| 041 0# - LANGUAGE CODE |
| Language code of text/sound track or separate title |
Türkçe |
| 043 ## - GEOGRAPHIC AREA CODE |
| Geographic area code |
a-tu--- |
| -- |
e-bu--- |
| 050 ## - LIBRARY OF CONGRESS CALL NUMBER |
| Classification number |
DR73.T8 |
| Item number |
B45 2002 |
| 090 ## - LOCALLY ASSIGNED LC-TYPE CALL NUMBER (OCLC); LOCAL CALL NUMBER (RLIN) |
| Classification number (OCLC) (R) ; Classification number, CALL (RLIN) (NR) |
DR73.T8 |
| Local cutter number (OCLC) ; Book number/undivided call number, CALL (RLIN) |
B45 2002 |
| 245 #0 - TITLE STATEMENT |
| Title |
Belgelerle Mustafa Kemal Atatürk ve Türk-Bulgar ilişkileri (1913-1938) = |
| Remainder of title |
Mustafa Kemal Atatëiìurk i Tursko-Bulgarskite otnosheniëiìa v dokumenti (1913-1938) / |
| Statement of responsibility, etc. |
[proje yöneticisi Yusuf Sarınay]. |
| 246 11 - VARYING FORM OF TITLE |
| Title proper/short title |
Mustafa Kemal Atatëiìurk i Tursko-Bulgarskite otnosheniëiìa v dokumenti (1913-1938) |
| 264 #1 - PRODUCTION, PUBLICATION, DISTRIBUTION, MANUFACTURE, AND COPYRIGHT NOTICE |
| Place of production, publication, distribution, manufacture |
Ankara : |
| Name of producer, publisher, distributor, manufacturer |
T.C. Başbakanlık, |
| Date of production, publication, distribution, manufacture, or copyright notice |
2002. |
| 300 ## - PHYSICAL DESCRIPTION |
| Extent |
lxxvii, 957 p. : |
| Other physical details |
ill., facsims. ; |
| Dimensions |
33 cm. 1 |
| 336 ## - CONTENT TYPE |
| Source |
rdacontent |
| Content type term |
text |
| Content type code |
txt |
| 337 ## - MEDIA TYPE |
| Source |
rdamedia |
| Media type term |
unmediated |
| Media type code |
n |
| 338 ## - CARRIER TYPE |
| Source |
rdacarrier |
| Carrier type term |
volume |
| Carrier type code |
nc |
| 490 0# - SERIES STATEMENT |
| Series statement |
Devlet Arşivleri Genel Müdürlüğü ; |
| Volume/sequential designation |
16 |
| 504 ## - BIBLIOGRAPHY, ETC. NOTE |
| Bibliography, etc. note |
|
| 546 ## - LANGUAGE NOTE |
| Language note |
Turkish and Bulgarian. |
| 600 0# - SUBJECT ADDED ENTRY--PERSONAL NAME |
| Personal name |
Atatürk, Mustafa Kemal |
| Dates associated with a name |
1881-1938 |
| 9 (RLIN) |
20781 |
| 651 0# - SUBJECT ADDED ENTRY--GEOGRAPHIC NAME |
| Geographic name |
Turkey |
| General subdivision |
Foreign relations |
| Geographic subdivision |
Bulgaria |
| 9 (RLIN) |
15368 |
|
| Geographic name |
Bulgaria |
| General subdivision |
Foreign relations |
| Geographic subdivision |
Turkey |
| 9 (RLIN) |
72415 |
|
| Geographic name |
Bulgaristan |
| General subdivision |
Dış ilişkiler |
| Geographic subdivision |
Türkiye |
| 9 (RLIN) |
8364 |
|
| Geographic name |
Türkiye |
| General subdivision |
Dış ilişkiler |
| Geographic subdivision |
Bulgaristan |
| 9 (RLIN) |
68475 |
| 700 1# - ADDED ENTRY--PERSONAL NAME |
| Personal name |
Sarınay, Yusuf |
| 9 (RLIN) |
17257 |
| 902 ## - LOCAL DATA ELEMENT B, LDB (RLIN) |
| a |
0023771 |
| 903 ## - LOCAL DATA ELEMENT C, LDC (RLIN) |
| a |
Merkezi Kütüphane |
| 942 ## - ADDED ENTRY ELEMENTS (KOHA) |
| Koha item type |
Book |
| Source of classification or shelving scheme |
Library of Congress Classification |
| 945 ## - LOCAL PROCESSING INFORMATION (OCLC) |
| a |
Mç |